Papers in English and American studies Tomus XX. - Double anatomy in early modern and postmodern drama /

Elmentve itt :
Bibliográfiai részletek
Szerző: Kiss Attila
Dokumentumtípus: Könyv
Megjelent: JATEPress Szeged, Magyarország 2010
Sorozat:Acta Universitatis Szegediensis de Attila József nominatae : papers in english and american studies 20
Kulcsszavak:Angol irodalom - dráma - 16-17. sz., Angol irodalom - regény, Reneszánsz - irodalmi - angol - tanulmányok
Tárgyszavak:
Online Access:http://acta.bibl.u-szeged.hu/68586
LEADER 00961nam a2200217 i 4500
001 acta68586
005 20230330153634.0
008 210519s2010 hu o 0|| eng d
020 |a 978-963-315-015-3 
022 |a 0230-2780 
040 |a SZTE Egyetemi Kiadványok Repozitórium  |b hun 
041 |a eng 
100 1 |a Kiss Attila 
245 1 0 |a Papers in English and American studies   |h [elektronikus dokumentum] :  |b Tomus XX. - Double anatomy in early modern and postmodern drama /  |c  Kiss Attila 
260 |a JATEPress  |b Szeged, Magyarország  |c 2010 
300 |a 117  |c 24 cm 
490 0 |a Acta Universitatis Szegediensis de Attila József nominatae : papers in english and american studies  |v 20 
650 4 |a Bölcsészettudományok 
650 4 |a Nyelvek és irodalom 
695 |a Angol irodalom - dráma - 16-17. sz., Angol irodalom - regény, Reneszánsz - irodalmi - angol - tanulmányok 
856 4 0 |u http://acta.bibl.u-szeged.hu/68586/1/papers_020.pdf  |z Dokumentum-elérés